000 00778nam a2200277 4500
003 OSt
005 20260601171006.0
008 260506b1975\\\\sp\\||||\||||\00|\0\spa\d
020 _a8434407256
040 _aICI
_bspa
_cICI
041 _aspa
050 _aQC65
_bB84 1975
100 1 _aBunge, Mario,
_eautor
_932229
245 1 _aTeoría y realidad /
_cMario Bunge
250 _aSegunda edición
264 1 _aBarcelona :
_bAriel ,
_c1975
300 _a301 páginas
336 _atexto
_2rdacontent
337 _asin medio
_2rdamedia
338 _avolumen
_2rdacarrier
490 0 _aAriel quincenal ;
_v75
650 _afísica
_xfilosofía
_932230
700 1 _aGarcía Molina, J. L.,
_etraductor
_932231
700 1 _aSempere, J.,
_etraductor
_932232
942 _2lcc
_cB
_n1
999 _c20274
_d20274